000
00429nam a2200157Ia 4500
008
090711s9999 xx 000 0 und d
082
_b
54228
100
_a
धुरी विरेंद्र ह.
245
_a
वंश
260
_c
1986
600
_a
धुरी विरेंद्र ह.
630
_a
वंश
700
_a
धुरी विरेंद्र ह.
730
_a
वंश
942
_c
BOOK
999
_c
326879
_d
326879